000 00923nam a2200217 a 4500
001 000034707
005 20200930073843.0
008 111019s1960 mx 000 0 spa d
040 _aDO-SdBNP
_bspa
_cBNPHU
245 0 0 _aPsicología /
_credaccion A.A. Smirnov... [et al.] ;autores S.L. Rubinstein... [et al.] ; traduccion directa del ruso por Florencio Villa Landa.
260 _aMéxico :
_bInstituto de Investigación Científica
_bEditorial Grijalbo,
_c1960.
300 _a571 p. ;
_c22 cm.
500 _apublicado por Academia de Ciencias Pedagogicas de la R.S.S.F. de Rusia
500 _aIncluye índice
500 _aIncluye referencias bibliográficas y notas al pie de las páginas
590 _aPerteneció a la biblioteca personal de Juan Isidro Jimenes Grullón
700 1 2 _aSmirnov, A. A.
_960163
700 1 2 _aRubinstein, S. L.
_960164
700 1 _aVilla Landa, Florentino
_etr.
_960165
049 _aBNPD
999 _c34198
_d34198